00655nam a22001697a 4500003000900000008004100009040007100050082001700121100002000138245005100158260003400209300002800243505013100271650002900402650002800431650002600459AR-CdUCM190517b ||||| |||| 00| 0 spa d aMUNICIPALIDAD PROVINCIAL DEL CUSCOcBIBLIOTECA MUNICIPAL DEL CUSCO a340.1 /bD97 aDujovne, Leòn aLa filosofía del derecho de Hegel a Kelsen / aBuenos Aires :bOmeba,c1963. a485 páginas ;c25 cm. aContenido : La filosofía del derecho como reflexión sobre el derecho con la independencia -- La filosofía práctica... aSociología del derecho aFilosofía del derecho aPrincipios de derecho